Public management decision making: effects of decision content (Record no. 62670)

000 -LEADER
fixed length control field 01530pab a2200181 454500
008 - FIXED-LENGTH DATA ELEMENTS--GENERAL INFORMATION
fixed length control field 180718b2004 xxu||||| |||| 00| 0 eng d
100 ## - MAIN ENTRY--PERSONAL NAME
Personal name Bozeman, Barry
245 ## - TITLE STATEMENT
Title Public management decision making: effects of decision content
260 ## - PUBLICATION, DISTRIBUTION, ETC.
Date of publication, distribution, etc. 2004
300 ## - PHYSICAL DESCRIPTION
Extent p.553-65.
362 ## - DATES OF PUBLICATION AND/OR SEQUENTIAL DESIGNATION
Dates of publication and/or sequential designation Sep-Oct
520 ## - SUMMARY, ETC.
Summary, etc. One obvious aspect of public management decisions and decision making has largely escaped attention-decision content. We examine the effects of decision content by asking the following questions for budget cutback and information technology decisions: How does content affect the time required for decision making? How does content affect who participates? How does content affect the decision criteria employed? How does content affect the information quality used in the decision-making process and red tape? The results suggest that information technology and budget cutback decisions differ in important ways. For information technology decisions, cost-effectiveness is not a significant criterion, average decision time is much longer, and decisions are generally viewed as permanent and stable. For cutback decisions, cost effectiveness is a significant criterion, decisions are made much more quickly, and they are viewed as unstable and changeable. Surprisingly, decision content does not appear to affect the number of participants. - Reproduced.
650 ## - SUBJECT ADDED ENTRY--TOPICAL TERM
Topical term or geographic name entry element Decision making
650 ## - SUBJECT ADDED ENTRY--TOPICAL TERM
Topical term or geographic name entry element Public administration
700 ## - ADDED ENTRY--PERSONAL NAME
Personal name Pandey Sanjay K.
773 ## - HOST ITEM ENTRY
Main entry heading Public Administration Review
909 ## -
-- 62670
Holdings
Withdrawn status Lost status Damaged status Not for loan Permanent Location Current Location Date acquired Serial Enumeration / chronology Barcode Date last seen Price effective from Koha item type
        Indian Institute of Public Administration Indian Institute of Public Administration 2018-07-19 Volume no: 64, Issue no: 5 AR63120 2018-07-19 2018-07-19 Articles

Powered by Koha